Szczegóły MARC21

Oralność i mnemonika : późny barok w kulturze polskiej /

003 -Nazwa inst., której nr kontr. jest w polu 001 [,]
    • @
    • Nazwa instytucji, której n kontrolny jest w polu 001
    • NUKAT
005 -DATA I CZAS OSTATNIEJ MODYFIKACJI [,]
    • @
    • pole kontrolne
    • 20241231115442.0
020 -Międzynarod. znormalizowany nr książki - ISBN [ , ]
    • a
    • Numer ISBN
    • 9788323505242 Find
040 -Instytucja sporządzająca opis [ , ]
    • a
    • Instytucja, która sporządziła opis (NP)
    • WR U/al
    • c
    • Instytucja, która sporządziła rekord (NP)
    • WR U/al
    • d
    • Instytucja, która zmodyfikowała rekord (P)
    • WR U/bk
    • d
    • Instytucja, która zmodyfikowała rekord (P)
    • POZN U/KNs
    • d
    • Instytucja, która zmodyfikowała rekord (P)
    • KIEL 010/EAs
    • d
    • Instytucja, która zmodyfikowała rekord (P)
    • GD 27/MDUs
942 -Rodzaj dokumentu [ , ]
    • c
    • Rodzaj dokumentu
    • Książka
100 -Hasło główne - nazwa osobowa [1, ]
    • a
    • Nazwa osobowa (NP)
    • Prejs, Marek.
    • 9
    • KHW
    • 19518
245 -Strefa tytułu i oznaczenia odpowiedzialności [1,0]
    • a
    • Tytuł
    • Oralność i mnemonika : Find
    • b
    • Ciąg dalszy tytułu (NP)
    • późny barok w kulturze polskiej / Find
    • c
    • Pozostałe elementy strefy tytułu i oznaczenia odpowiedzialności (NP)
    • Marek Prejs.
260 -Strefa adresu wydawniczego [ , ]
    • a
    • Miejsce wydania (P)
    • Warszawa :
    • b
    • Nazwa wydawcy (P)
    • Wydawnictwa Uniwersytetu Warszawskiego,
    • c
    • Data wydania (P)
    • cop. 2009.
300 -Strefa opisu fizycznego [ , ]
    • a
    • Określenie formy książki i/lub objętość (NP)
    • 323 s. ;
    • c
    • Format (NP)
    • 21 cm.
336 -Typ zawartości [ , ]
    • a
    • Termin opisujący typ zawartości
    • Tekst
    • b
    • Kod określający zawartość
    • txt
    • 2
    • Źródło (terminu i kodu)
    • rdacontent
337 -Typ mediów [ , ]
    • a
    • Tryb odtwarzania
    • Bez urządzenia pośredniczącego
    • b
    • Kod typu mediów
    • n
    • 2
    • Źródło (terminu i kodu)
    • rdamedia
338 -Typ/rodzaj nośnika [ , ]
    • a
    • Hasło opisujące typ nośnika
    • Wolumin
    • b
    • Kod typu nośnika
    • nc
    • 2
    • Źródło (terminu i kodu)
    • rdacarrier
490 -Strefa serii i książki wielotomowej - forma nie do wyszukiwania [1, ]
    • a
    • Tytuł (P)
    • Communicare : historia i kultura Find
830 -Hasło dodatkowe serii i opisu książki wielotomowej - tytuł ujednolicony/tytuł [ ,0]
    • a
    • Tytuł ujednolicony/tytuł (NP)
    • Communicare
    • 9
    • KHW
    • 40478
504 -Uwaga dot. bibliogr. załącznikowej [ , ]
    • a
    • Uwaga dot. bibliografii załącznikowej
    • Indeks.
080 -Uniwersalna Klasyfikacja Dziesiętna [ , ]
    • 2
    • Identyfikator wydania tablic
    • UDC-P058
    • 9
    • UKD
    • 7008
    • a
    • Symbol klasyfikacji
    • 94(438)::008
    • b
    • Dopowiedzenie
    • Historia kultury polskiej.
    • 4
    • UKD2
    • 8221
    • x
    • Poddział wspólny
    • "15/17"
    • c
    • Dopowiedzenie poddz. wspólnego
    • Czasy nowożytne.
080 -Uniwersalna Klasyfikacja Dziesiętna [ , ]
    • 2
    • Identyfikator wydania tablic
    • UDC-P058
    • 9
    • UKD
    • 7016
    • a
    • Symbol klasyfikacji
    • 94(438).04
    • b
    • Dopowiedzenie
    • Historia Polski. Królowie elekcyjni (do Sasów włącznie) (1573-1763).
    • 4
    • UKD2
    • 8221
    • x
    • Poddział wspólny
    • "15/17"
    • c
    • Dopowiedzenie poddz. wspólnego
    • Czasy nowożytne.
080 -Uniwersalna Klasyfikacja Dziesiętna [ , ]
    • 2
    • Identyfikator wydania tablic
    • UDC-P058
    • 9
    • UKD
    • 8014
    • a
    • Symbol klasyfikacji
    • 821.162.1(091)
    • b
    • Dopowiedzenie
    • Literatura polska (historia).
    • 4
    • UKD2
    • 8221
    • x
    • Poddział wspólny
    • "15/17"
    • c
    • Dopowiedzenie poddz. wspólnego
    • Czasy nowożytne.
650 -Hasło przedmiotowe [ ,7]
    • a
    • Hasło przedmiotowe
    • Komunikacja i kultura
    • z
    • Określnik geograficzny
    • Polska
    • y
    • Określnik chronologiczny
    • 1500-1800.
    • 2
    • Źródło terminu
    • kaba
    • 9
    • KHW
    • 650511
650 -Hasło przedmiotowe [ ,7]
    • a
    • Hasło przedmiotowe
    • Literatura polska
    • y
    • Określnik chronologiczny
    • 1500-1800
    • x
    • Określnik rzeczowy
    • historia i krytyka.
    • 2
    • Źródło terminu
    • kaba
    • 9
    • KHW
    • 353462
650 -Hasło przedmiotowe [ ,7]
    • a
    • Hasło przedmiotowe
    • Komunikacja ustna
    • z
    • Określnik geograficzny
    • Polska
    • y
    • Określnik chronologiczny
    • 1500-1800.
    • 2
    • Źródło terminu
    • kaba
    • 9
    • KHW
    • 650512
650 -Hasło przedmiotowe [ ,7]
    • a
    • Hasło przedmiotowe
    • Mnemotechnika
    • y
    • Określnik chronologiczny
    • 1500-1800.
    • 2
    • Źródło terminu
    • kaba
    • 9
    • KHW
    • 650513
980 -Symbol UKD [ , ]
    • a
    • UKD
    • 94(438)::008:94(438).04:821.162.1(091)]"15/17"
710 -Hasło dodatkowe - nazwa ciała zbiorowego [2, ]
    • a
    • Nazwa ciała zbiorowego lub nazwa geograficzna jako pierwszy element (NP)
    • Wydawnictwa Uniwersytetu Warszawskiego.
    • 4
    • Kod relacji
    • pbl
    • 9
    • KHW
    • 50781
920 -ISBN [ , ]
    • a
    • ISBN
    • 978-83-235-0524-2 Find
Numer inwentarzowy Data inwentaryzacji Status udost. Sygnatura Lokalizacja
P.223552010-11-091POL. Kultura 14BM